| 000 | 01607nam a2200493 i 4500 | ||
|---|---|---|---|
| 001 | 39574 | ||
| 003 | KOSZ 005 | ||
| 005 | 20250702063743.0 | ||
| 008 | 010704s2001 pl |001 0 pol | ||
| 015 | _aUWD 2001/11096 | ||
| 020 | _a8387674222 | ||
| 035 | _a991016377749705066 | ||
| 035 | _a(PL-WaBN)b14404461-48omnis_nlop | ||
| 035 | _ab14404461 | ||
| 035 | _a(OCoLC)749633058 | ||
| 035 | _azz2003900971 | ||
| 035 | _a(PL)b0000001440446 | ||
| 035 | _a(EXLNZ-48OMNIS_NETWORK)9910376644405606 | ||
| 040 |
_aWA N _cWA N _dKOSZ 005/HR |
||
| 041 | 0 | _apol | |
| 046 | _k2001 | ||
| 080 | _a004.42 | ||
| 080 | _a004.65 | ||
| 080 | _a(07) | ||
| 100 | 1 |
_aLentner, Michał _eAutor |
|
| 245 | 1 | 0 |
_aOracle : _bsystem zarządzania bazą danych : podręcznik użytkownika / _cMichał Lentner. |
| 260 |
_aWarszawa : _b"Exit", _c2001. |
||
| 300 |
_a316 s. ; _c24 cm. |
||
| 336 |
_aTekst _btxt _2rdacontent |
||
| 337 |
_aBez urządzenia pośredniczącego _bn _2rdamedia |
||
| 338 |
_aWolumin _bnc _2rdacarrier |
||
| 380 | _aKsiążki | ||
| 388 | _a2001- | ||
| 490 | 1 | _aProblemy Współczesnej Nauki : teoria i zastosowania. Informatyka | |
| 504 | _aBibliogr. - Indeks. | ||
| 650 | 7 |
_aOracle _2DBN |
|
| 655 | 7 |
_aPodręcznik _2DBN |
|
| 658 | _aInformatyka i technologie informacyjne | ||
| 710 | 2 |
_aAkademicka Oficyna Wydawnicza Exit _4pbl |
|
| 830 | 0 |
_aProblemy Współczesnej Nauki. _pInformatyka |
|
| 856 |
_uhttp://koha.tu.koszalin.pl/cgi-bin/koha/opac-detail.pl?biblionumber=39574 _yKatalog online BPK |
||
| 942 |
_2UKD _cKS |
||
| 999 |
_c39574 _d39574 |
||